00619 a2200181 4500260001300000100001900013700001500032260001900047245015100066300001700217650003200234260000900266300002500275130000800300035000900308440005900317500006100376 aNew-York aHARBORNE, J.B. aVAN SUMERE bAcademic press aThe chemistry and biochemistry of plant proteins : proceedings of the phytochemical society symposium unisersity of ghent, Belgium september, 1973 aXIII, 326 p. a c1975 bill., graph. ; 23 cm lAn. a5092 a(Annual proceedings of the phytochimical society ; 11) aBibliographie à la fin des chapitres. - Comprend index